00562nam a2200193 a 4500001001300000003000900013005001700022008004100039020001000080082002100090100002700111245005600138260004600194300000900240500003500249505003100284650002600315700002700341nice12345678IN_TiNIC20260116011304.0050524s1968 alia grs 000 0 49g  ac10000a305.6945097bAKB aAkbarabadi, Said Ahmad aNafthat-Ul-Masdoor Aur Hindustan Ki Shari Haisiyat. aAligarhbAligarh Muslim University c1968 a104p aincludes index and biblioraphy2 alight of islam series no.4 aIslam-Relations India1 aAkbarabadi, Said Ahmad